000 00506nam a2200181Ia 4500
999 _c29658
_d29658
003 OSt
005 20201214104216.0
008 190216s9999||||xx |||||||||||||| ||und||
020 _a9788126425198
040 _coclc
082 _a894.812
_bMUM/D
100 _aMumthas, Khadeeja
_96671
245 0 _aDoctor Daivamalla /
_cKhadeeja Mumthas
260 _bD C Books,
_c2009.
_aKottayam:
300 _a100p
650 _aOormakurip
942 _cBK
_2ddc
_h894.812
_iMUM/D
_k894.812
_mMUM/D